00645nam a2200193 a 450000100100000000500170001000800410002704000250006808200100009310000290010324500580013226000260019030000280021665000460024465000250029004900090031595201100032499900170043400001428420240506205512.0091209s1975 dr a 001 0 spa d aDO-SdBNPbspacBNPHU a338.41 aFelix, Victoriano93224310aBalaguer y la industria nacional /cVictoriano Felix. aSanto Domingo,c1975. a131 p. :bil. ;c21 cm. 0aIndustriasdREPÚBLICA DOMINICANA932244 4aZonas francas932245 aBNPD 0010718PDaPDbPDcCTd2009-12-09iLF1l0o338.4 p14284-10r2020-06-25w2020-06-25yLFPDZNo se presta c13880d13880